[Event "Turniej Blitza na II Lidze Juniorów 2018"]
[Site "Szczyrk, Poland"]
[Date "2018.07.26"]
[Round "5.8"]
[White "Kawaler, Adam"]
[Black "Praczukowski, Stanislaw"]
[Result "0-1"]
[TimeControl "3'+2\""]
[WhiteElo "1602"]
[BlackElo "2078"]

1. d4 {[%emt 00:01:40]} d5 {[%emt 00:00:02]} 2. Nf3 {[%emt 00:00:01]} Nf6 3. c4
e6 {[%emt 00:00:01]} 4. Nc3 {[%emt 00:00:01]} a6 {[%emt 00:00:01]} 5. e3 {[%emt
00:00:02]} dxc4 {[%emt 00:00:05]} 6. Bxc4 {[%emt 00:00:01]} b5 7. Bd3 {[%emt
00:00:04]} Bb7 {[%emt 00:00:02]} 8. a3 {[%emt 00:00:01]} Bd6 {[%emt 00:00:05]}
9. O-O {[%emt 00:00:03]} O-O {[%emt 00:00:02]} 10. e4 {[%emt 00:00:12]} Be7
{[%emt 00:00:06]} 11. Bc2 {[%emt 00:00:15]} c5 {[%emt 00:00:06]} 12. h3 {[%emt
00:00:18]} b4 {[%emt 00:00:14]} 13. e5 {[%emt 00:00:21]} bxc3 {[%emt 00:00:18]}
14. exf6 {[%emt 00:00:10]} Bxf6 {[%emt 00:00:16]} 15. bxc3 {[%emt 00:00:24]}
cxd4 {[%emt 00:00:02]} 16. Nxd4 {[%emt 00:00:08]} Nc6 {[%emt 00:00:10]} 17. Be3
{[%emt 00:00:20]} Nxd4 {[%emt 00:00:03]} 18. cxd4 {[%emt 00:00:11]} Qd5 {[%emt
00:00:09]} 19. Qg4 {[%emt 00:00:08]} Rac8 {[%emt 00:00:22]} 20. Bd1 {[%emt
00:00:21]} Qe4 {[%emt 00:00:12]} 21. Qxe4 {[%emt 00:00:15]} Bxe4 {[%emt
00:00:02]} 22. Be2 {[%emt 00:00:02]} a5 {[%emt 00:00:08]} 23. Rfc1 {[%emt
00:00:02]} Be7 {[%emt 00:00:17]} 24. a4 {[%emt 00:00:07]} Bb4 {[%emt 00:00:02]}
25. Bb5 {[%emt 00:00:08]} h5 {[%emt 00:00:23]} 26. f3 {[%emt 00:00:08]} Bd5
{[%emt 00:00:05]} 27. Kf2 {[%emt 00:00:01]} Rfd8 {[%emt 00:00:11]} 28. Rxc8
{[%emt 00:00:04]} Rxc8 29. Rc1 Rxc1 {[%emt 00:00:12]} 30. Bxc1 Kf8 {[%emt
00:00:02]} 31. Ke3 Ke7 {[%emt 00:00:02]} 32. Bd2 {[%emt 00:00:01]} Bxd2+ {[%emt
00:00:03]} 33. Kxd2 {[%emt 00:00:01]} h4 {[%emt 00:00:05]} 34. Ke3 {[%emt
00:00:05]} g5 {[%emt 00:00:06]} 35. Kd3 {[%emt 00:00:03]} f5 {[%emt 00:00:04]}
36. Ke3 {[%emt 00:00:04]} f4+ {[%emt 00:00:02]} 37. Kd3 Kd6 {[%emt 00:00:01]}
38. Be8 {[%emt 00:00:05]} Bb3 {[%emt 00:00:04]} 39. Bb5 {[%emt 00:00:02]} Kd5
{[%emt 00:00:03]} 40. Kc3 {[%emt 00:00:09]} Bd1 {[%emt 00:00:02]} 41. Kd2
{[%emt 00:00:01]} Bb3 {[%emt 00:00:02]} 42. Kc3 Ba2 {[%emt 00:00:01]} 43. Kd3
{[%emt 00:00:04]} Bb1+ {[%emt 00:00:02]} 44. Kc3 {[%emt 00:00:01]} Bf5 45. Be8
{[%emt 00:00:02]} Bb1 {[%emt 00:00:05]} 46. Bb5 {[%emt 00:00:01]} Bg6 {[%emt
00:00:01]} 47. Bd7 Bh7 {[%emt 00:00:02]} 48. Bb5 Bg8 {[%emt 00:00:02]} 49. Bd7
Bf7 {[%emt 00:00:01]} 50. Bb5 Bg6 {[%emt 00:00:02]} 51. Bc4+ {[%emt 00:00:01]}
Kd6 {[%emt 00:00:02]} 52. Bb3 {[%emt 00:00:02]} Be8 {[%emt 00:00:05]} 53. Bc2
{[%emt 00:00:01]} Bc6 {[%emt 00:00:02]} 54. Bb3 {[%emt 00:00:01]} Bd5 {[%emt
00:00:03]} 55. Bc2 Kc6 {[%emt 00:00:02]} 56. Bd3 {[%emt 00:00:01]} Kd6 57. Bc2
{[%emt 00:00:01]} e5 58. dxe5+ {[%emt 00:00:02]} Kxe5 59. Bd3 {[%emt 00:00:01]}
Bc6 {[%emt 00:00:04]} 60. Bc2 {[%emt 00:00:02]} Kd6 {[%emt 00:00:04]} 61. Bb3
{[%emt 00:00:01]} Kc5 62. Bc2 {[%emt 00:00:02]} Bd5 63. Bd3 {[%emt 00:00:02]}
Ba2 {[%emt 00:00:01]} 64. Bc2 {[%emt 00:00:03]} Bc4 65. Bf5 {[%emt 00:00:09]}
Bf1 {[%emt 00:00:01]} 66. Be6 {[%emt 00:00:03]} Bxg2 {[%emt 00:00:02]} 67. Bg4
Bf1 68. Bf5 {[%emt 00:00:01]} Bc4 69. Bg4 {[%emt 00:00:02]} Bd5 70. Bf5 {[%emt
00:00:02]} Bxf3 {[%emt 00:00:01]} 0-1

[Event "Turniej Blitza na II Lidze Juniorów 2018"]
[Site "Szczyrk, Poland"]
[Date "2018.07.26"]
[Round "5.34"]
[White "Trzebinski, Patryk"]
[Black "Nowacka, Dorota"]
[Result "1-0"]
[TimeControl "3'+2\""]
[WhiteElo "1537"]
[BlackElo "1322"]

1. e4 {[%clk 00:03:02]} {[%emt 00:00:03]} c5 {[%clk 00:03:02]} {[%emt
00:00:01]} 2. Nf3 {[%clk 00:03:03]} {[%emt 00:00:01]} Nc6 {[%clk 00:03:03]}
{[%emt 00:00:01]} 3. d4 {[%clk 00:03:04]} cxd4 {[%clk 00:03:03]} {[%emt
00:00:02]} 4. Nxd4 {[%clk 00:03:04]} {[%emt 00:00:01]} Nf6 {[%clk 00:03:01]}
{[%emt 00:00:04]} 5. Nc3 {[%clk 00:03:05]} {[%emt 00:00:02]} d6 {[%clk
00:03:01]} {[%emt 00:00:01]} 6. Bc4 {[%clk 00:02:56]} {[%emt 00:00:11]} a6
{[%clk 00:02:57]} {[%emt 00:00:06]} 7. Be3 {[%clk 00:02:37]} {[%emt 00:00:21]}
Qc7 {[%clk 00:02:56]} {[%emt 00:00:03]} 8. Bb3 {[%clk 00:02:38]} {[%emt
00:00:03]} b5 {[%clk 00:02:49]} {[%emt 00:00:08]} 9. f3 {[%clk 00:02:39]} b4
{[%clk 00:02:49]} {[%emt 00:00:02]} 10. Na4 {[%clk 00:02:36]} {[%emt 00:00:04]}
Bb7 {[%clk 00:02:42]} {[%emt 00:00:09]} 11. Qd2 {[%clk 00:02:37]} {[%emt
00:00:02]} a5 {[%clk 00:02:42]} {[%emt 00:00:02]} 12. O-O-O {[%clk 00:02:37]}
{[%emt 00:00:02]} g6 {[%clk 00:02:38]} {[%emt 00:00:06]} 13. h4 {[%clk
00:02:37]} {[%emt 00:00:02]} Bg7 {[%clk 00:02:39]} {[%emt 00:00:01]} 14. g4
{[%clk 00:02:38]} {[%emt 00:00:01]} O-O {[%clk 00:02:32]} {[%emt 00:00:08]} 15.
h5 {[%clk 00:02:39]} {[%emt 00:00:02]} Ne5 {[%clk 00:02:23]} {[%emt 00:00:11]}
16. hxg6 {[%clk 00:03:19]} {[%emt 00:00:19]} Nxg6 {[%clk 00:02:05]} {[%emt
00:00:55]} 17. Bh6 {[%clk 00:03:15]} {[%emt 00:00:06]} Rac8 {[%clk 00:01:42]}
{[%emt 00:00:25]} 18. Bxg7 {[%clk 00:03:12]} {[%emt 00:00:06]} Kxg7 {[%clk
00:01:43]} {[%emt 00:00:01]} 19. Qh6+ {[%clk 00:03:01]} {[%emt 00:00:12]} Kg8
{[%clk 00:01:41]} {[%emt 00:00:04]} 20. Nf5 {[%clk 00:03:02]} {[%emt 00:00:01]}
Nh5 {[%clk 00:01:24]} {[%emt 00:00:19]} 21. Rxh5 {[%clk 00:02:58]} {[%emt
00:00:07]} e6 {[%clk 00:01:06]} {[%emt 00:00:19]} 22. Qg7# {[%clk 00:02:58]}
{[%emt 00:00:02]} 1-0

[Event "Turniej Blitza na II Lidze Juniorów 2018"]
[Site "Szczyrk, Poland"]
[Date "2018.07.26"]
[Round "5.10"]
[White "Kaliszuk, Kamil"]
[Black "Niedbala, Bartlomiej"]
[Result "1-0"]
[TimeControl "3'+2\""]
[WhiteElo "1590"]
[BlackElo "1961"]

1. c4 {[%emt 00:01:35]} Nf6 {[%emt 00:00:07]} 2. g3 {[%emt 00:00:01]} g6 3. Bg2
Bg7 {[%emt 00:00:02]} 4. Nc3 {[%emt 00:00:02]} O-O {[%emt 00:00:03]} 5. e3
{[%emt 00:00:01]} c5 {[%emt 00:00:20]} 6. Nge2 {[%emt 00:00:02]} Nc6 {[%emt
00:00:01]} 7. O-O {[%emt 00:00:03]} d6 {[%emt 00:00:04]} 8. a3 {[%emt
00:00:02]} e5 {[%emt 00:00:08]} 9. Rb1 {[%emt 00:00:03]} a5 {[%emt 00:00:03]}
10. d3 {[%emt 00:00:03]} Be6 {[%emt 00:00:17]} 11. Nd5 {[%emt 00:00:02]} Bxd5
{[%emt 00:00:15]} 12. cxd5 {[%emt 00:00:02]} Ne7 13. Nc3 {[%emt 00:00:02]} Rb8
{[%emt 00:00:09]} 14. f4 {[%emt 00:00:06]} Nd7 {[%emt 00:00:07]} 15. a4 {[%emt
00:00:08]} exf4 {[%emt 00:00:17]} 16. gxf4 {[%emt 00:00:04]} Nf5 {[%emt
00:00:02]} 17. Nb5 {[%emt 00:00:08]} Nb6 {[%emt 00:00:21]} 18. e4 {[%emt
00:00:05]} Nd4 {[%emt 00:00:02]} 19. Be3 {[%emt 00:00:01]} Nxb5 {[%emt
00:00:10]} 20. axb5 {[%emt 00:00:02]} Nd7 {[%emt 00:00:05]} 21. Qd2 {[%emt
00:00:09]} b6 {[%emt 00:00:01]} 22. Rbe1 {[%emt 00:00:11]} Bd4 {[%emt
00:00:17]} 23. Bxd4 {[%emt 00:00:10]} cxd4 24. b4 Ra8 {[%emt 00:00:08]} 25. Qb2
{[%emt 00:00:01]} axb4 {[%emt 00:00:06]} 26. Qxb4 {[%emt 00:00:09]} Nc5 {[%emt
00:00:01]} 27. Qxd4 {[%emt 00:00:03]} Ra3 28. Rd1 {[%emt 00:00:03]} f6 {[%emt
00:00:05]} 29. Rf3 {[%emt 00:00:12]} Qa8 30. e5 {[%emt 00:00:08]} fxe5 {[%emt
00:00:04]} 31. fxe5 {[%emt 00:00:02]} Rxf3 {[%emt 00:00:07]} 32. Bxf3 Qf8
{[%emt 00:00:02]} 33. Be4 {[%emt 00:00:35]} Ra2 {[%emt 00:00:21]} 34. Rf1
{[%emt 00:00:03]} Qh6 35. Bg2 {[%emt 00:00:28]} Qd2 {[%emt 00:00:08]} 36. Qf2
{[%emt 00:00:04]} Qxf2+ {[%emt 00:00:03]} 37. Rxf2 Rxf2 38. Kxf2 {[%emt
00:00:01]} Nxd3+ 39. Ke3 Nxe5 40. Bh3 {[%emt 00:00:06]} Kg7 {[%emt 00:00:01]}
41. Be6 {[%emt 00:00:12]} Kf6 42. h4 {[%emt 00:00:06]} h5 43. Bh3 {[%emt
00:00:05]} g5 44. hxg5+ Kxg5 {[%emt 00:00:01]} 45. Be6 {[%emt 00:00:02]} Kh4
{[%emt 00:00:01]} 46. Kf4 {[%emt 00:00:01]} Nd3+ {[%emt 00:00:05]} 47. Kf5
{[%emt 00:00:04]} Kg3 {[%emt 00:00:07]} 48. Kf6 Nf4 {[%emt 00:00:03]} 49. Ke7
{[%emt 00:00:03]} h4 {[%emt 00:00:02]} 50. Kxd6 Nxe6 {[%emt 00:00:18]} 51. dxe6
h3 52. e7 h2 53. e8=Q {[%emt 00:00:03]} h1=Q {[%emt 00:00:01]} 54. Qe5+ {[%emt
00:00:06]} Kg4 {[%emt 00:00:01]} 55. Qe6+ {[%emt 00:00:03]} Kg5 {[%emt
00:00:01]} 56. Qg8+ {[%emt 00:00:03]} Kf4 57. Qc4+ {[%emt 00:00:03]} Kf5 58.
Qd5+ {[%emt 00:00:02]} Qxd5+ {[%emt 00:00:02]} 59. Kxd5 {[%emt 00:00:01]} Kf6
60. Kc6 Ke7 61. Kxb6 Kd7 {[%emt 00:00:03]} 62. Ka7 Kc8 {[%emt 00:00:01]} 63. b6
Kd7 64. b7 1-0

[Event "Turniej Blitza na II Lidze Juniorów 2018"]
[Site "Szczyrk, Poland"]
[Date "2018.07.26"]
[Round "5.55"]
[White "Jedrzejewska, Zuzanna"]
[Black "Tkaczyk, Weronika"]
[Result "*"]
[TimeControl "3'+2\""]
[WhiteElo "1194"]
[BlackElo "1430"]

1. e4 {[%emt 00:00:31]} e5 {[%emt 00:00:02]} 2. Nf3 {[%clk 00:03:03]} {[%emt
00:00:01]} Nc6 3. Bb5 {[%emt 00:00:01]} a6 {[%emt 00:00:01]} 4. Ba4 Nf6 {[%clk
00:03:05]} {[%emt 00:00:02]} 5. O-O {[%emt 00:00:02]} b5 {[%emt 00:00:01]} 6.
Bb3 {[%clk 00:03:07]} Be7 {[%clk 00:03:07]} 7. Re1 {[%emt 00:00:02]} O-O {[%emt
00:00:02]} 8. c3 {[%clk 00:03:08]} d5 {[%emt 00:00:05]} 9. exd5 {[%emt
00:00:05]} Nxd5 {[%clk 00:03:04]} {[%emt 00:00:02]} 10. h3 {[%emt 00:00:12]}
Bf6 {[%clk 00:02:51]} {[%emt 00:00:02]} 11. d4 {[%clk 00:02:49]} {[%emt
00:00:20]} exd4 {[%clk 00:02:48]} {[%emt 00:00:04]} 12. cxd4 {[%clk 00:02:51]}
{[%emt 00:00:02]} Nb6 {[%clk 00:02:45]} {[%emt 00:00:05]} 13. Be3 {[%clk
00:02:47]} {[%emt 00:00:05]} Bf5 {[%clk 00:02:41]} {[%emt 00:00:05]} 14. Nc3
{[%clk 00:02:38]} {[%emt 00:00:13]} Re8 {[%clk 00:02:35]} {[%emt 00:00:08]} 15.
Rc1 {[%clk 00:02:28]} {[%emt 00:00:11]} Na5 {[%clk 00:02:27]} {[%emt 00:00:08]}
16. Bc2 {[%clk 00:02:26]} {[%emt 00:00:07]} Bxc2 {[%clk 00:02:26]} {[%emt
00:00:03]} 17. Qxc2 {[%clk 00:02:27]} Nbc4 {[%clk 00:02:19]} {[%emt 00:00:09]}
18. b3 {[%emt 00:00:37]} Nxe3 {[%emt 00:00:02]} 19. fxe3 {[%clk 00:01:51]}
{[%emt 00:00:03]} Nb7 {[%clk 00:02:12]} {[%emt 00:00:09]} 20. Nb1 {[%emt
00:00:15]} Rc8 21. Nbd2 {[%clk 00:01:35]} {[%emt 00:00:06]} c5 {[%clk
00:02:12]} {[%emt 00:00:02]} 22. dxc5 {[%emt 00:00:11]} Nxc5 {[%emt 00:00:02]}
23. Qd1 {[%clk 00:01:11]} {[%emt 00:00:17]} Nd3 {[%clk 00:01:58]} {[%emt
00:00:16]} 24. Rxc8 {[%clk 00:01:12]} {[%emt 00:00:02]} Qxc8 {[%clk 00:01:57]}
{[%emt 00:00:02]} 25. Re2 {[%clk 00:01:06]} {[%emt 00:00:07]} Nb2 {[%clk
00:01:53]} {[%emt 00:00:06]} 26. Qb1 {[%clk 00:01:01]} {[%emt 00:00:08]} Qc5
{[%clk 00:01:43]} {[%emt 00:00:07]} 27. Ne4 {[%clk 00:01:00]} {[%emt 00:00:08]}
Qc6 {[%clk 00:01:30]} {[%emt 00:00:15]} 28. Neg5 {[%clk 00:00:54]} {[%emt
00:00:09]} Bxg5 {[%clk 00:01:27]} {[%emt 00:00:05]} 29. Nxg5 {[%clk 00:00:55]}
{[%emt 00:00:01]} Qd5 {[%clk 00:01:27]} {[%emt 00:00:05]} 30. Qxh7+ {[%clk
00:00:42]} {[%emt 00:00:16]} Kf8 {[%clk 00:01:26]} {[%emt 00:00:02]} 31. Qh8+
{[%clk 00:00:37]} {[%emt 00:00:07]} Ke7 {[%clk 00:01:25]} 32. Qxg7 {[%clk
00:00:38]} {[%emt 00:00:04]} Rc8 {[%clk 00:00:52]} {[%emt 00:00:33]} 33. Rxb2
{[%clk 00:00:38]} {[%emt 00:00:05]} Rc1+ {[%clk 00:00:48]} {[%emt 00:00:05]} 34.
Kh2 {[%clk 00:00:36]} {[%emt 00:00:04]} Qd6+ {[%clk 00:00:48]} {[%emt
00:00:02]} 35. g3 {[%clk 00:00:34]} {[%emt 00:00:04]} Qd5 {[%clk 00:00:40]}
{[%emt 00:00:10]} 36. Rg2 {[%clk 00:00:29]} {[%emt 00:00:08]} Qd1 {[%clk
00:00:24]} {[%emt 00:00:17]} 37. Qxf7+ {[%clk 00:00:26]} {[%emt 00:00:05]} Kd6
{[%clk 00:00:22]} {[%emt 00:00:04]} 38. Qe6+ {[%clk 00:00:26]} {[%emt
00:00:03]} Kc7 {[%clk 00:00:22]} 39. Qe7+ {[%clk 00:00:23]} {[%emt 00:00:06]}
Kb6 40. Qe6+ {[%emt 00:00:06]} Ka5 {[%clk 00:00:16]} {[%emt 00:00:07]} 41. b4+
Kxb4 {[%clk 00:00:04]} *

[Event "Turniej Blitza na II Lidze Juniorów 2018"]
[Site "Szczyrk, Poland"]
[Date "2018.07.26"]
[Round "5.31"]
[White "Partyka, Pawel"]
[Black "Zdybel, Przemyslaw"]
[Result "0-1"]
[TimeControl "3'+2\""]
[WhiteElo "1772"]
[BlackElo "1334"]

1. c4 {[%clk 00:03:04]} e5 {[%clk 00:03:00]} {[%emt 00:00:05]} 2. Nc3 {[%clk
00:03:05]} Nc6 {[%clk 00:03:00]} {[%emt 00:00:02]} 3. g3 {[%clk 00:03:06]}
{[%emt 00:00:01]} f5 {[%clk 00:03:00]} {[%emt 00:00:02]} 4. Bg2 {[%clk
00:03:07]} {[%emt 00:00:01]} Nf6 {[%clk 00:03:01]} {[%emt 00:00:01]} 5. e3
{[%clk 00:03:08]} d5 {[%clk 00:03:02]} {[%emt 00:00:02]} 6. cxd5 {[%clk
00:03:06]} {[%emt 00:00:05]} Nb4 {[%clk 00:03:02]} 7. d4 {[%clk 00:02:41]}
{[%emt 00:00:27]} e4 {[%clk 00:03:03]} {[%emt 00:00:02]} 8. Bf1 {[%clk
00:02:23]} {[%emt 00:00:19]} Nfxd5 {[%clk 00:03:01]} {[%emt 00:00:03]} 9. Bc4
{[%clk 00:02:23]} {[%emt 00:00:03]} Be6 {[%clk 00:02:33]} {[%emt 00:00:30]} 10.
a3 {[%clk 00:02:21]} {[%emt 00:00:04]} Nxc3 {[%clk 00:01:55]} {[%emt 00:00:40]}
11. bxc3 {[%clk 00:02:19]} {[%emt 00:00:04]} Bxc4 {[%clk 00:01:57]} {[%emt
00:00:02]} 12. axb4 {[%clk 00:02:21]} {[%emt 00:00:02]} Bd6 {[%clk 00:01:48]}
{[%emt 00:00:11]} 13. Qa4+ {[%clk 00:02:04]} {[%emt 00:00:19]} b5 {[%clk
00:01:45]} {[%emt 00:00:05]} 14. Qd1 {[%clk 00:01:58]} {[%emt 00:00:08]} O-O
{[%clk 00:01:44]} {[%emt 00:00:03]} 15. Nh3 {[%clk 00:01:58]} {[%emt 00:00:02]}
Qf6 {[%clk 00:01:31]} {[%emt 00:00:15]} 16. Nf4 {[%clk 00:01:55]} {[%emt
00:00:05]} Bxf4 {[%clk 00:01:11]} {[%emt 00:00:22]} 17. gxf4 {[%clk 00:01:56]}
{[%emt 00:00:02]} Qh4 {[%clk 00:01:08]} {[%emt 00:00:04]} 18. Ra6 {[%clk
00:01:37]} {[%emt 00:00:22]} Rf6 {[%clk 00:00:59]} {[%emt 00:00:10]} 19. Rxf6
{[%clk 00:01:35]} {[%emt 00:00:03]} Qxf6 {[%clk 00:00:59]} {[%emt 00:00:02]} 20.
Qh5 {[%clk 00:01:34]} {[%emt 00:00:03]} a5 {[%clk 00:00:43]} {[%emt 00:00:19]}
21. bxa5 {[%clk 00:01:25]} {[%emt 00:00:11]} g6 {[%clk 00:00:29]} {[%emt
00:00:16]} 22. Qg5 {[%clk 00:01:21]} {[%emt 00:00:06]} Qxg5 {[%clk 00:00:21]}
{[%emt 00:00:10]} 23. fxg5 {[%clk 00:01:22]} {[%emt 00:00:01]} Rxa5 {[%clk
00:00:22]} {[%emt 00:00:01]} 24. h4 {[%clk 00:01:10]} {[%emt 00:00:15]} Ra2
{[%clk 00:00:23]} 25. h5 {[%clk 00:01:07]} {[%emt 00:00:05]} Re2+ {[%clk
00:00:21]} {[%emt 00:00:03]} 26. Kd1 {[%clk 00:01:07]} {[%emt 00:00:02]} Rxf2
{[%clk 00:00:19]} {[%emt 00:00:04]} 27. hxg6 {[%clk 00:01:06]} {[%emt
00:00:03]} hxg6 {[%clk 00:00:15]} {[%emt 00:00:06]} 28. Bd2 {[%clk 00:01:06]}
{[%emt 00:00:02]} Rg2 {[%clk 00:00:11]} {[%emt 00:00:06]} 29. Kc2 {[%clk
00:00:41]} {[%emt 00:00:27]} Rxg5 {[%clk 00:00:11]} {[%emt 00:00:02]} 30. Kb2
{[%clk 00:00:41]} {[%emt 00:00:02]} Rg2 {[%clk 00:00:12]} {[%emt 00:00:01]} 31.
Rd1 {[%clk 00:00:39]} {[%emt 00:00:04]} g5 {[%clk 00:00:13]} 32. Ka3 {[%clk
00:00:40]} {[%emt 00:00:03]} g4 {[%clk 00:00:14]} 33. Kb4 {[%clk 00:00:40]}
{[%emt 00:00:02]} g3 {[%clk 00:00:13]} {[%emt 00:00:03]} 34. Be1 {[%clk
00:00:39]} {[%emt 00:00:02]} Rg1 {[%clk 00:00:12]} {[%emt 00:00:03]} 35. Kc5
{[%clk 00:00:36]} {[%emt 00:00:05]} Rf1 {[%clk 00:00:11]} {[%emt 00:00:04]} 36.
Bxg3 {[%clk 00:00:34]} {[%emt 00:00:04]} Rxd1 {[%clk 00:00:10]} {[%emt
00:00:03]} 37. Bxc7 {[%clk 00:00:34]} {[%emt 00:00:02]} Rd3 {[%clk 00:00:10]}
{[%emt 00:00:03]} 38. Ba5 {[%clk 00:00:33]} {[%emt 00:00:03]} Rxe3 {[%clk
00:00:10]} {[%emt 00:00:02]} 39. d5 {[%clk 00:00:35]} Rd3 {[%clk 00:00:10]}
{[%emt 00:00:02]} 40. d6 {[%clk 00:00:36]} e3 {[%clk 00:00:11]} {[%emt
00:00:02]} 41. Kc6 {[%clk 00:00:33]} {[%emt 00:00:04]} e2 {[%clk 00:00:12]}
{[%emt 00:00:01]} 42. d7 Rxd7 {[%clk 00:00:13]} 43. Kxd7 {[%clk 00:00:35]}
{[%emt 00:00:01]} e1=Q {[%emt 00:00:05]} 44. Kc7 {[%clk 00:00:35]} Qe5+ {[%clk
00:00:12]} {[%emt 00:00:02]} 45. Kc6 {[%clk 00:00:35]} {[%emt 00:00:02]} Qe6+
{[%clk 00:00:13]} {[%emt 00:00:02]} 46. Kc7 {[%clk 00:00:35]} {[%emt 00:00:01]}
Kf7 {[%clk 00:00:14]} 47. Kb7 {[%clk 00:00:35]} {[%emt 00:00:03]} Ke7 {[%clk
00:00:15]} 48. Bb4 {[%clk 00:00:35]} {[%emt 00:00:02]} Kd7 {[%clk 00:00:17]}
{[%emt 00:00:01]} 49. Ka7 {[%clk 00:00:33]} {[%emt 00:00:03]} Bd5 {[%clk
00:00:15]} {[%emt 00:00:04]} 50. Bc5 {[%clk 00:00:32]} {[%emt 00:00:03]} Qc6
{[%clk 00:00:16]} {[%emt 00:00:01]} 51. Bb6 {[%clk 00:00:28]} {[%emt 00:00:06]}
Qb7# {[%clk 00:00:17]} {[%emt 00:00:01]} 0-1

[Event "Turniej Blitza na II Lidze Juniorów 2018"]
[Site "Szczyrk, Poland"]
[Date "2018.07.26"]
[Round "5.75"]
[White "Taranowicz, Zofia"]
[Black "Sleczka, Krzysztof"]
[Result "0-1"]
[TimeControl "3'+2\""]
[WhiteElo "1175"]
[BlackElo "1087"]

1. d4 {[%clk 00:03:02]} {[%emt 00:01:07]} d5 {[%clk 00:03:02]} {[%emt
00:00:01]} 2. Nf3 {[%clk 00:03:02]} Nf6 {[%clk 00:03:02]} {[%emt 00:00:01]} 3.
Bf4 {[%clk 00:03:02]} e6 {[%clk 00:03:02]} {[%emt 00:00:04]} 4. e3 {[%clk
00:03:02]} c6 {[%clk 00:02:55]} {[%emt 00:00:16]} 5. Be2 {[%clk 00:03:01]}
{[%emt 00:00:03]} Be7 {[%clk 00:02:57]} 6. O-O {[%clk 00:03:00]} {[%emt
00:00:03]} O-O {[%clk 00:02:58]} {[%emt 00:00:01]} 7. h3 {[%clk 00:02:58]}
{[%emt 00:00:04]} Nbd7 {[%clk 00:02:53]} {[%emt 00:00:07]} 8. c4 {[%clk
00:02:58]} {[%emt 00:00:02]} Ne4 {[%clk 00:02:35]} {[%emt 00:00:20]} 9. Nbd2
{[%clk 00:02:57]} {[%emt 00:00:03]} Nxd2 {[%clk 00:02:22]} {[%emt 00:00:15]} 10.
Qxd2 {[%clk 00:02:58]} {[%emt 00:00:01]} Nf6 {[%clk 00:02:21]} {[%emt
00:00:03]} 11. c5 {[%clk 00:02:54]} {[%emt 00:00:05]} Ne4 {[%clk 00:02:20]}
{[%emt 00:00:04]} 12. Qc2 {[%clk 00:02:51]} {[%emt 00:00:04]} b6 {[%clk
00:02:07]} {[%emt 00:00:16]} 13. b4 {[%clk 00:02:51]} {[%emt 00:00:01]} Bb7
{[%clk 00:02:04]} {[%emt 00:00:06]} 14. Bd3 {[%clk 00:02:51]} {[%emt 00:00:02]}
Nf6 {[%clk 00:02:02]} {[%emt 00:00:03]} 15. Bg5 {[%clk 00:02:50]} {[%emt
00:00:02]} h6 {[%clk 00:01:56]} {[%emt 00:00:09]} 16. Bf4 {[%clk 00:02:47]}
{[%emt 00:00:05]} bxc5 {[%clk 00:01:54]} {[%emt 00:00:05]} 17. bxc5 {[%clk
00:02:46]} {[%emt 00:00:03]} Qa5 {[%clk 00:01:54]} {[%emt 00:00:01]} 18. Rfb1
{[%clk 00:02:32]} {[%emt 00:00:16]} Rab8 {[%clk 00:01:50]} {[%emt 00:00:06]} 19.
Bxb8 {[%clk 00:02:31]} {[%emt 00:00:03]} Rxb8 {[%clk 00:01:51]} {[%emt
00:00:01]} 20. Rb2 {[%clk 00:02:08]} {[%emt 00:00:26]} Qc7 {[%clk 00:01:23]}
{[%emt 00:00:30]} 21. Rab1 {[%clk 00:02:04]} {[%emt 00:00:05]} Nd7 {[%clk
00:01:17]} {[%emt 00:00:09]} 22. Ba6 {[%clk 00:02:04]} {[%emt 00:00:02]} Bxa6
{[%clk 00:01:14]} {[%emt 00:00:05]} 23. Qa4 {[%clk 00:01:52]} {[%emt 00:00:13]}
Bb5 {[%clk 00:01:04]} {[%emt 00:00:12]} 24. Qc2 {[%clk 00:01:48]} {[%emt
00:00:05]} Nf6 {[%clk 00:00:55]} {[%emt 00:00:13]} 25. a4 {[%clk 00:01:49]}
{[%emt 00:00:02]} a6 {[%clk 00:00:34]} {[%emt 00:00:26]} 26. axb5 {[%clk
00:01:49]} axb5 {[%clk 00:00:35]} 27. Ne5 {[%clk 00:01:44]} {[%emt 00:00:05]}
Ne4 {[%clk 00:00:31]} {[%emt 00:00:07]} 28. f3 {[%clk 00:01:39]} {[%emt
00:00:06]} Ng5 {[%clk 00:00:26]} {[%emt 00:00:06]} 29. f4 {[%clk 00:01:33]}
{[%emt 00:00:09]} Ne4 {[%clk 00:00:27]} {[%emt 00:00:02]} 30. Ra2 {[%clk
00:01:23]} {[%emt 00:00:11]} f6 {[%clk 00:00:25]} {[%emt 00:00:05]} 31. Nf3
{[%clk 00:01:24]} Rb7 {[%clk 00:00:16]} {[%emt 00:00:12]} 32. Nh4 {[%clk
00:01:11]} {[%emt 00:00:14]} Kh7 {[%clk 00:00:17]} {[%emt 00:00:01]} 33. Rba1
{[%clk 00:00:51]} {[%emt 00:00:21]} Bf8 {[%clk 00:00:14]} {[%emt 00:00:06]} 34.
Ra5 {[%clk 00:00:50]} {[%emt 00:00:03]} Be7 {[%clk 00:00:14]} {[%emt 00:00:02]}
35. Qa2 {[%clk 00:00:50]} g5 {[%clk 00:00:12]} {[%emt 00:00:05]} 36. Nf3 {[%clk
00:00:39]} {[%emt 00:00:12]} gxf4 {[%clk 00:00:13]} {[%emt 00:00:02]} 37. Ra7
{[%clk 00:00:38]} {[%emt 00:00:03]} fxe3 {[%clk 00:00:11]} {[%emt 00:00:04]} 38.
Rxb7 {[%clk 00:00:35]} {[%emt 00:00:05]} Qxb7 {[%clk 00:00:12]} {[%emt
00:00:01]} 39. Qa7 {[%clk 00:00:33]} {[%emt 00:00:04]} Qxa7 {[%emt 00:00:04]}
40. Rxa7 {[%clk 00:00:34]} e2 {[%clk 00:00:11]} 41. Ne1 {[%clk 00:00:28]}
{[%emt 00:00:08]} Kg6 {[%clk 00:00:11]} {[%emt 00:00:03]} 42. Rxe7 {[%clk
00:00:28]} {[%emt 00:00:02]} Kf5 {[%clk 00:00:13]} 43. Rh7 {[%clk 00:00:21]}
{[%emt 00:00:09]} Kg5 {[%clk 00:00:14]} {[%emt 00:00:01]} 44. Ra7 {[%clk
00:00:19]} {[%emt 00:00:04]} e5 {[%clk 00:00:14]} {[%emt 00:00:02]} 45. dxe5
{[%emt 00:00:03]} fxe5 {[%emt 00:00:01]} 46. Rc7 {[%clk 00:00:15]} {[%emt
00:00:04]} Kf4 {[%clk 00:00:14]} {[%emt 00:00:03]} 47. Rxc6 {[%clk 00:00:15]}
{[%emt 00:00:02]} d4 {[%clk 00:00:15]} {[%emt 00:00:02]} 48. Rxh6 {[%clk
00:00:11]} {[%emt 00:00:05]} Ke3 {[%clk 00:00:15]} {[%emt 00:00:02]} 49. c6
{[%clk 00:00:07]} {[%emt 00:00:06]} d3 {[%emt 00:00:07]} 0-1